Štefan Mišík životopis

Bibliographic Details
Main Author: Špirko, Jozef, 1896-1954 (Author)
Format: Book
Language:Slovak
PhysicalDescription:75, [3] s. 21 cm
Published: Trnava Spolok sv. Vojtecha 1950
Subjects:

MARC

LEADER 00000cam a2200000 a 4500
001 vtls008401119
003 SK-MaSNL
005 20260301182949.0
008 230403s1950 xo g h 000 0bslo
015 |a SNBA19451955-012190 
035 |a SK01SNKBKSFS20020093336 
035 |a urn:nbn:sk:snk-am3ht74 
035 |a B5CDA161-BF22-44AF-AF2B-6306E5EE8AEF 
035 |a urn:nbn:sk:snk-am00d8fv 
035 |a SKM000095799 
040 |a SNK  |b slo  |c SNK  |e AACR2 
041 0 |a slo 
044 |a xo  |c SK 
080 |a 929 Mišík, Štefan  |2 1981 
100 1 |a Špirko, Jozef,  |d 1896-1954  |4 aut  |9 107380 
245 1 0 |a Štefan Mišík  |b životopis  |c Jozef Špirko 
260 |a Trnava  |b Spolok sv. Vojtecha  |c 1950  |e Trnava  |f Západoslov. tlač. 
300 |a 75, [3] s.  |c 21 cm 
504 |a Poznámky 
600 1 7 |a Mišík, Štefan,  |d 1844-1919  |2 SNKMA  |9 40270 
650 0 7 |a historici  |2 SNKPH  |9 54543 
655 7 |a biografie  |2 SNKPH  |9 27965 
852 |a Slovenská národná knižnica 
954 |a odborná, vedecká literatúra pôvodná (slovenská)  |2 lita 
958 |a RK 
958 |a TL 
958 |a NB 
958 |a BX 
958 |a ONDV 
999 |c 855358  |d 857288 
952 |a SNK  |b SNK  |y VYP  |7 0  |p 17A0698005  |o snkSC 4442 D3  |i snkK 239/76  |8 3  |3 rekatalogizácia  |0 0  |1 0  |4 0  |d 2011-06-08  |l 0  |r 2026-02-24 04:54:47  |w 2026-02-24 
952 |a SNK  |b SNK  |y PREZ  |7 0  |p 17A0747750  |o snkSC 4442  |i snk729/51  |0 0  |1 0  |4 0  |d 2011-12-05  |f 1  |l 0  |r 2025-06-25 00:00:00  |w 2026-02-24 
952 |t P60, <04>, [BOOK], {604}  |a SNK  |b SNK  |y VYP  |7 0  |p 17A0188441  |o snkSC 4442 D1  |0 0  |1 0  |4 0  |d 1999-03-30  |l 0  |r 2005-01-02 00:00:00  |w 2026-02-24 
952 |t P60, <04>, [BOOK], {604}  |a SNK  |b SNK  |y VYP  |7 0  |p 17A0267147  |o snkSC 4442 D2  |0 0  |1 0  |4 0  |d 2001-01-25  |l 0  |r 2005-01-02 00:00:00  |w 2026-02-24